<?xml version="1.0" encoding="UTF-8"?>
<record
    xmlns:xsi="http://www.w3.org/2001/XMLSchema-instance"
    xsi:schemaLocation="http://www.loc.gov/MARC21/slim http://www.loc.gov/standards/marcxml/schema/MARC21slim.xsd"
    xmlns="http://www.loc.gov/MARC21/slim">

  <leader>00799nam a22001937a 4500</leader>
  <datafield tag="999" ind1=" " ind2=" ">
    <subfield code="c">188130</subfield>
    <subfield code="d">188130</subfield>
  </datafield>
  <controlfield tag="005">20220510163008.0</controlfield>
  <datafield tag="010" ind1=" " ind2=" ">
    <subfield code="a">UR-11544</subfield>
  </datafield>
  <datafield tag="020" ind1=" " ind2=" ">
    <subfield code="c">300.00</subfield>
    <subfield code="a">9789390579389</subfield>
  </datafield>
  <datafield tag="035" ind1=" " ind2=" ">
    <subfield code="a">U-10099</subfield>
  </datafield>
  <datafield tag="037" ind1=" " ind2=" ">
    <subfield code="b">DBAD/PUB</subfield>
    <subfield code="a">-</subfield>
  </datafield>
  <datafield tag="082" ind1=" " ind2=" ">
    <subfield code="a">841</subfield>
    <subfield code="2">Ist</subfield>
  </datafield>
  <datafield tag="100" ind1=" " ind2=" ">
    <subfield code="a">&#x646;&#x635;&#x631; &#x62A; &#x67E;&#x631; &#x648; &#x64A;&#x646;</subfield>
  </datafield>
  <datafield tag="245" ind1=" " ind2=" ">
    <subfield code="a">&#x628;&#x634;&#x64A;&#x631; &#x627;&#x644;&#x62F; &#x64A;&#x646; &#x627; &#x62D;&#x645;&#x62F; &#x62F; &#x635;&#x644;&#x648; &#x6CC; &#x6A9;&#x627; &#x646;&#x627; &#x648; &#x644; &#x627; &#x642;&#x628;&#x627; &#x644; &#x62F; &#x644;&#x6C1;&#x646; :&#x627; &#x64A;&#x6A9; &#x62A;&#x686;&#x632; &#x64A;&#x627; &#x62A;&#x6CC; &#x645;&#x637;&#x627; &#x644;&#x639;&#x6C1; </subfield>
    <subfield code="c"> &#x646;&#x635;&#x631; &#x62A; &#x67E;&#x631; &#x648; &#x64A;&#x646;</subfield>
    <subfield code="h">&#x627; &#x631; &#x62F; &#x648; </subfield>
  </datafield>
  <datafield tag="246" ind1=" " ind2=" ">
    <subfield code="b">Bashiruddin Ahmad Dehlvi Ka Novel Iqbal Dulhan :Ek Tajaziati Muta,ea (Urdu)</subfield>
    <subfield code="a">by Nusrat Parveen </subfield>
  </datafield>
  <datafield tag="260" ind1=" " ind2=" ">
    <subfield code="a">N.Delhi</subfield>
    <subfield code="b">Applied Books </subfield>
    <subfield code="c">2022 &#x621;  </subfield>
  </datafield>
  <datafield tag="270" ind1=" " ind2=" ">
    <subfield code="a">1739/104,M.P. Street Pataudi House Darya Ganj ,</subfield>
    <subfield code="b">New Delhi </subfield>
    <subfield code="e">110002</subfield>
    <subfield code="k">23266347</subfield>
    <subfield code="l">-</subfield>
  </datafield>
  <datafield tag="300" ind1=" " ind2=" ">
    <subfield code="a">200 &#x635;</subfield>
    <subfield code="c">22 Cm(Hb)</subfield>
  </datafield>
  <datafield tag="942" ind1=" " ind2=" ">
    <subfield code="2">ddc</subfield>
    <subfield code="c">UR</subfield>
    <subfield code="h">841</subfield>
    <subfield code="m">&#x646; &#x635; &#x631; </subfield>
  </datafield>
  <datafield tag="952" ind1=" " ind2=" ">
    <subfield code="0">0</subfield>
    <subfield code="1">0</subfield>
    <subfield code="4">0</subfield>
    <subfield code="7">1</subfield>
    <subfield code="8">NFIC</subfield>
    <subfield code="a">DBAD</subfield>
    <subfield code="b">L</subfield>
    <subfield code="d">2022-05-10</subfield>
    <subfield code="e">DBAD/PUB</subfield>
    <subfield code="g">300.00</subfield>
    <subfield code="l">0</subfield>
    <subfield code="o">841 &#x646; &#x635; &#x631;</subfield>
    <subfield code="p">U-10099</subfield>
    <subfield code="r">2022-05-10 00:00:00</subfield>
    <subfield code="t">1</subfield>
    <subfield code="v">300.00</subfield>
    <subfield code="w">2022-05-10</subfield>
    <subfield code="y">UR</subfield>
  </datafield>
</record>
